[Event "LSS No Engine Cup 168 Preliminary 0"]
[Site "LSS email"]
[Date "2017.04.03"]
[Round "?"]
[White "Vogel, Helmut"]
[Black "Kudela, Pavel"]
[Result "1-0"]
[WhiteElo "1911"]
[BlackElo "1642"]
[PlyCount "147"]
[EventDate "2017.04.04"]
[EventType "tourn (corr)"]
[EventRounds "6"]
[EventCountry "GER"]
[SourceTitle "Corr 2022"]
[Source "ChessBase"]
[SourceDate "2021.10.24"]
[SourceVersion "1"]
[SourceVersionDate "2021.10.24"]
[SourceQuality "1"]

1. e4 c6 2. d4 d5 3. Nd2 g6 4. c3 Bg7 5. Be2 Nh6 6. Ngf3 0-0 7. 0-0 b6 8. exd5 cxd5 9. Nb3 Bb7 10. Bf4 e6 11. h3 Nd7 12. Nbd2 Rc8 13. Bd3 Re8 14. Re1 Nf6 15. g4 Nd7 16. Re2 f5 17. Bxh6 Bxh6 18. Bb5 a6 19. Bxd7 Qxd7 20. g5 Bg7 21. Nb3 h6 22. h4 hxg5 23. Nxg5 Bf6 24. Qd2 a5 25. Nc1 Ba6 26. Re1 Kg7 27. Nd3 Bxd3 28. Qxd3 Bxg5 29. hxg5 Rh8 30. Qg3 Rh5 31. Qe5+ Kh7 32. Qf6 Re8 33. Re5 Qe7 34. Qxe7+ Rxe7 35. Rae1 Rxg5+ 36. Kf1 Rh5 37. Kg2 a4 38. Rxe6 Rxe6 39. Rxe6 Rg5+ 40. Kf3 Rg1 41. Rxb6 g5 42. Rf6 Rb1 43. Rxf5 Kg6 44. Rxd5 Rxb2 45. a3 Rb3 46. Kg4 Rxc3 47. Rxg5+ Kf6 48. Rf5+ Ke6 49. Re5+ Kd6 50. Re3 Rb3 51. Kf4 Kd5 52. f3 Rb2 53. Re5+ Kc4 54. d5 Kc5 55. Re4 Kxd5 56. Rxa4 Rf2 57. Re4 Ra2 58. a4 Ra3 59. a5 Kc6 60. Re5 Kd6 61. Ke4 Kc6 62. Re6+ Kd7 63. Ra6 Ra4+ 64. Kf5 Kc7 65. f4 Kb7 66. Rb6+ Kc7 67. Rb5 Kc6 68. Re5 Kd7 69. Kg5 Kd6 70. Rf5 Kd7 71. Rc5 Kd6 72. Re5 Rc4 73. Rb5 Kc6 74. Rb6+ 1-0

[Event "RE-2017-0-00184"]
[Site "LSS email"]
[Date "2017.03.30"]
[Round "?"]
[White "Sirotkin, Evgenji"]
[Black "Kudela, Pavel"]
[Result "1-0"]
[WhiteElo "1677"]
[BlackElo "1324"]
[PlyCount "45"]
[EventDate "2016.11.30"]
[EventType "tourn (corr)"]
[EventRounds "6"]
[EventCountry "GER"]
[SourceTitle "Corr 2022"]
[Source "ChessBase"]
[SourceDate "2021.10.24"]
[SourceVersion "1"]
[SourceVersionDate "2021.10.24"]
[SourceQuality "1"]

1. d4 d5 2. c4 c6 3. Nf3 Nf6 4. Nc3 e6 5. e3 Nbd7 6. Qc2 Bd6 7. b3 0-0 8. Bb2 c5 9. dxc5 Nxc5 10. Rd1 b6 11. cxd5 exd5 12. Nxd5 Nxd5 13. Rxd5 Bb7 14. Ng5 g6 15. Qc3 f6 16. Rd4 Qe7 17. b4 Na6 18. Bc4+ Kg7 19. Ne6+ Kh8 20. 0-0 Bxb4 21. Qc2 Bc5 22. Rh4 Rg8 23. Ng5 1-0

[Event "RE-2017-0-00184"]
[Site "LSS email"]
[Date "2017.03.22"]
[Round "?"]
[White "Kudela, Pavel"]
[Black "Zmolil, Karel"]
[Result "0-1"]
[WhiteElo "1324"]
[BlackElo "1255"]
[PlyCount "138"]
[EventDate "2016.11.30"]
[EventType "tourn (corr)"]
[EventRounds "6"]
[EventCountry "GER"]
[SourceTitle "Corr 2022"]
[Source "ChessBase"]
[SourceDate "2021.10.24"]
[SourceVersion "1"]
[SourceVersionDate "2021.10.24"]
[SourceQuality "1"]

1. d4 d5 2. c4 dxc4 3. Nf3 Nf6 4. e3 e6 5. Bxc4 a6 6. 0-0 c5 7. dxc5 Qxd1 8. Rxd1 Bxc5 9. a3 b5 10. Be2 Bb7 11. b4 Be7 12. Bb2 Nbd7 13. Nbd2 0-0 14. Rac1 Rac8 15. Nb3 Rfd8 16. Na5 Bd5 17. Nd4 Nb8 18. Ndb3 Ne4 19. f3 Rxc1 20. Rxc1 Bg5 21. Bd4 Bxb3 22. Nxb3 Rxd4 23. Rc8+ Rd8 24. Rxd8+ Bxd8 25. fxe4 Nd7 26. Kf2 Kf8 27. Nd4 Ne5 28. Ke1 Ke7 29. h3 Kd6 30. g4 Bf6 31. Kd2 h6 32. Nf3 Nxf3+ 33. Bxf3 Ke5 34. Kd3 Bd8 35. Bd1 Be7 36. Bc2 g6 37. Kc3 h5 38. gxh5 gxh5 39. Kd3 h4 40. Bd1 Bf6 41. Bh5 Kd6 42. Kc2 Ke7 43. e5 Bxe5 44. Bf3 Kd7 45. Bb7 Bg7 46. Bxa6 Kc6 47. Kb3 Kb6 48. Bc8 Kc7 49. Ba6 Kc6 50. a4 bxa4+ 51. Kxa4 Kd5 52. Bb7+ Ke5 53. b5 Bh6 54. e4 Kf4 55. Kb4 Kg3 56. Kc4 Kxh3 57. e5 Kg3 58. Kd4 h3 59. b6 Kf2 60. Kc5 Be3+ 61. Kd6 Kg3 62. Ke7 Kf4 63. Kxf7 Kf5 64. Kg7 h2 65. Bc6 Kxe5 66. b7 Ba7 67. Kg6 Kf4 68. Kf6 e5 69. Bg2 e4 0-1

[Event "RE-2017-0-00184"]
[Site "LSS email"]
[Date "2017.03.22"]
[Round "?"]
[White "Perez, Fanta"]
[Black "Kudela, Pavel"]
[Result "1-0"]
[WhiteElo "2348"]
[BlackElo "1324"]
[PlyCount "55"]
[EventDate "2016.11.30"]
[EventType "tourn (corr)"]
[EventRounds "6"]
[EventCountry "GER"]
[SourceTitle "Corr 2022"]
[Source "ChessBase"]
[SourceDate "2021.10.24"]
[SourceVersion "1"]
[SourceVersionDate "2021.10.24"]
[SourceQuality "1"]

1. e4 c6 2. d4 d5 3. Nc3 b5 4. a3 a6 5. Be3 e6 6. Nf3 Nd7 7. Bd3 Bb7 8. 0-0 c5 9. exd5 exd5 10. Re1 c4 11. Bf5 Be7 12. Qd2 Ngf6 13. Bg5 0-0 14. Re2 Re8 15. Rae1 h6 16. Bh4 Ne4 17. Qc1 Bxh4 18. Nxh4 Ndf6 19. Bxe4 Nxe4 20. Nf5 Qd7 21. Qf4 Nxc3 22. bxc3 Rxe2 23. Rxe2 Kf8 24. Re7 Re8 25. Qe5 f6 26. Rxe8+ Qxe8 27. Qxe8+ Kxe8 28. Nd6+ 1-0

[Event "IECC CL0-2017.00 email"]
[Site "IECC email"]
[Date "2017.02.07"]
[Round "?"]
[White "Lenz, Juergen"]
[Black "Kudela, Pavel"]
[Result "0-1"]
[WhiteElo "1072"]
[BlackElo "1350"]
[PlyCount "122"]
[EventDate "2017.01.13"]
[EventType "tourn (corr)"]
[EventRounds "4"]
[SourceTitle "Corr 2022"]
[Source "ChessBase"]
[SourceDate "2021.10.24"]
[SourceVersion "1"]
[SourceVersionDate "2021.10.24"]
[SourceQuality "1"]

1. d4 d5 2. Bf4 Nf6 3. e3 c5 4. c3 e6 5. Bd3 Nc6 6. Nf3 c4 7. Bc2 Bd6 8. Bg3 b5 9. a3 0-0 10. Nbd2 Re8 11. Ne5 Bb7 12. f4 Ne7 13. 0-0 Ne4 14. Bxe4 dxe4 15. Qc2 Nf5 16. Bf2 f6 17. Nxe4 fxe5 18. fxe5 Bc7 19. Nc5 Qc8 20. e4 Nh6 21. h3 Nf7 22. Rae1 Bb6 23. Nxb7 Qxb7 24. Kh2 Rad8 25. Bh4 Rd7 26. Rf3 Nh8 27. Ref1 Ng6 28. Bg3 Rf8 29. h4 Rdf7 30. h5 Rxf3 31. Rxf3 Rxf3 32. gxf3 Nh8 33. f4 Nf7 34. Bh4 Nh6 35. Bg5 Ng4+ 36. Kg3 Ne3 37. Qb1 h6 38. Bh4 a5 39. Kf3 Nf5 40. Bf2 Ne7 41. Be3 Qa8 42. Qg1 b4 43. axb4 axb4 44. Bf2 bxc3 45. bxc3 Qa3 46. Be1 Qc1 47. Qf2 Qd1+ 48. Qe2 Qb3 49. Kg4 Ba5 50. Qe3 Qd1+ 51. Kh4 Bd8 52. Kg3 Qxh5 53. Qf3 Qxf3+ 54. Kxf3 Ba5 55. Kg4 Kf7 56. f5 exf5+ 57. exf5 Nd5 58. Bh4 Bxc3 59. e6+ Ke8 60. Bf2 Nf6+ 61. Kf4 Bd2+ 0-1